Legendary Pokémon Trios - Statistics

General Stats
  • This quiz has been taken 30 times
  • The average score is 4 of 9
Answer Stats
Pokémon Answer % Correct
Dialga, Palkia, Giratina Creation Trio
81%
Moltres, Zapdos, Articuno Legendary Birds
62%
Entei, Raikou, Suicune Legendary Beasts
57%
Zekrom, Reshiram, Kyurem Tao Trio
52%
Zygarde, Yveltal, Xerneas Aura Trio
48%
Lunala, Solgaleo, Necrozma Light Trio
43%
Mesprit, Uxie, Azelf Lake Guardians
33%
Fezandipiti, Munkidori, Okidogi The Loyal Three
29%
Groudon, Kyogre, Rayquaza Super-Ancient Pokémon
10%
No matching quizzes found
Score Distribution
Percent of People with Each Score
Percentile by Number Answered
Your Score History
You have not taken this quiz